The papers of Walter Clark
Αποθηκεύτηκε σε:
| Κύριοι συγγραφείς: | , |
|---|---|
| Μορφή: | Βιβλίο |
| Γλώσσα: | Ισπανικά |
| Έκδοση: |
Nueva York
University of North Carolina
1948
|
| Θέματα: | |
| Ετικέτες: |
Προσθήκη ετικέτας
Δεν υπάρχουν, Καταχωρήστε ετικέτα πρώτοι!
|
MARC
| LEADER | 00000nam a2200000 a 4500 | ||
|---|---|---|---|
| 001 | UCO1060 | ||
| 003 | CL-VaPUC | ||
| 008 | 000505e19480000US |||||||||||||||||spa|d | ||
| 082 | 0 | 4 | |a 973.781 |b BRO |2 21 |
| 100 | 0 | |a Brooks, Aubrey Lee |e author |9 442830 | |
| 700 | 0 | |a Lefler, Hugh Talmage |e author |9 442831 | |
| 245 | 1 | 4 | |a The papers of Walter Clark |
| 300 | |a v | ||
| 942 | |c BK | ||
| 945 | |d 20000505 00:00:00 |a crobeson | ||
| 260 | |a Nueva York |b University of North Carolina |c 1948 | ||
| 500 | |a v.1: 1857-1901 | ||
| 600 | 0 | 7 | |a CLARK, WALTER |2 CL-VaPUC |9 442832 |
| 650 | 7 | |a HISTORIA ESTADOUNIDENSE |2 CL-VaPUC |9 350346 | |
| 650 | 0 | |a Guerra civil |9 320243 | |
| 650 | 0 | |a Militares |9 336881 | |
| 650 | 0 | |a Discursos |9 265028 | |
| 650 | 0 | |a Cartas |9 321777 | |
| 651 | 0 | |a Estados Unidos |9 255178 | |
| 583 | |a last modification |c 20180417 04:18:11 |k Rodrigo Vera | ||
| 999 | |c 287693 |d 287691 | ||
| 952 | |0 0 |1 0 |4 0 |6 973_781000000000000_BRO_1948 |7 0 |8 X |9 334652 |a BIBHIS |b BIBHIS |d 2019-11-20 |h v.1 |i 1273345 |o 973.781 BRO 1948 |p 1273345 |r 2024-01-30 |w 2019-11-20 |y BK_X |k HIS | ||